A rising public voice : (Record no. 2004)
[ view plain ]
| 000 -LEADER | |
|---|---|
| fixed length control field | 00750pam a2200205 a 4500 |
| 001 - CONTROL NUMBER | |
| control field | 1614907 |
| 005 - DATE AND TIME OF LATEST TRANSACTION | |
| control field | 20241209151415.0 |
| 008 - FIXED-LENGTH DATA ELEMENTS--GENERAL INFORMATION | |
| fixed length control field | 950322s1995 nyuabf b 000 0 eng |
| 020 ## - INTERNATIONAL STANDARD BOOK NUMBER | |
| International Standard Book Number | 155861110X (alk. paper) |
| 020 ## - INTERNATIONAL STANDARD BOOK NUMBER | |
| International Standard Book Number | 1558611118 (alk. paper) |
| 050 00 - LIBRARY OF CONGRESS CALL NUMBER | |
| Classification number | HQ1236 |
| Item number | .R57 1995 |
| 082 00 - DEWEY DECIMAL CLASSIFICATION NUMBER | |
| Classification number | 320/.082 |
| Edition information | 20 |
| 245 02 - TITLE STATEMENT | |
| Title | A rising public voice : |
| Remainder of title | women in politics worldwide / |
| Statement of responsibility, etc. | edited, and with an introduction by Alida Brill ; foreword by Gertrude Mongella. |
| 260 ## - PUBLICATION, DISTRIBUTION, ETC. | |
| Place of publication, distribution, etc. | New York : |
| Name of publisher, distributor, etc. | Feminist Press at the City University of New York, |
| Date of publication, distribution, etc. | 1995. |
| 300 ## - PHYSICAL DESCRIPTION | |
| Extent | xv, 284 p., [4] p. of plates : |
| Other physical details | ill., map ; |
| Dimensions | 24 cm. |
| 650 #0 - SUBJECT ADDED ENTRY--TOPICAL TERM | |
| Topical term or geographic name entry element | Women |
| General subdivision | Political activity. |
| 650 #0 - SUBJECT ADDED ENTRY--TOPICAL TERM | |
| Topical term or geographic name entry element | Women in public life. |
| 700 1# - ADDED ENTRY--PERSONAL NAME | |
| Personal name | Brill, Alida, |
| Dates associated with a name | 1950- |
| 942 ## - ADDED ENTRY ELEMENTS (KOHA) | |
| Source of classification or shelving scheme | Library of Congress Classification |
| Koha item type | Books |
| Suppress in OPAC | No |
| 999 ## - | |
| -- | 2004 |
| -- | 2004 |
| Withdrawn status | Lost status | Source of classification or shelving scheme | Damaged status | Not for loan | Collection | Home library | Current library | Shelving location | Date acquired | Total checkouts | Full call number | Barcode | Date last seen | Copy number | Price effective from | Koha item type |
|---|---|---|---|---|---|---|---|---|---|---|---|---|---|---|---|---|
| Library of Congress Classification | Non-fiction | Undergraduate Library (Christ Temple) | Undergraduate Library (Christ Temple) | General stacks | 12/09/2024 | HQ1236.R57 RIS | ulct00000544 | 12/09/2024 | 1 | 12/09/2024 | Books |